| 000 | 01404nac a22003731u 4500 | ||
|---|---|---|---|
| 003 | EG-ScBUE | ||
| 005 | 20220327131731.0 | ||
| 008 | 200219t1950 nyu f 000 p eng d | ||
| 040 |
_aEG-ScBUE _beng _erda _cEG-ScBUE _dEG-ScBUE |
||
| 082 | 0 | 4 |
_a883.1 _bCOM _222 |
| 245 | 0 | 4 |
_aThe complete works of Homer ; _ctranslated by Andrew Lang [and three others] ; introduction by Gilbert Highet, professor of Greek and Latin, Columbia University. |
| 264 | 1 |
_aNew York : _bThe Modern Library, _c[1950] |
|
| 264 | 4 | _cc1950 | |
| 300 |
_axxviii, 383 pages ; _c21 cm |
||
| 336 |
_2rdacontent _atext _btxt |
||
| 337 |
_2rdamedia _aunmediated _bn |
||
| 338 |
_2rdacarrier _avolume _bnc |
||
| 505 | 0 | _athe Iliad -- the Odyssey. | |
| 546 | _aText in English ; translated from the original Ancient Greek. | ||
| 600 | 0 | 7 |
_aHomer _xTranslations into English. _2BUEsh |
| 650 | 7 |
_aEpic poetry, Greek _xTranslations into English. _2BUEsh _933616 |
|
| 650 | 7 |
_aOdysseus (Greek mythology) _2BUEsh |
|
| 650 | 7 |
_aAchilles (Greek mythology) _2BUEsh |
|
| 650 | 7 |
_aTrojan War. _2BUEsh _933615 |
|
| 651 | _2BUEsh | ||
| 653 |
_bGGEN _cMarch2022 |
||
| 655 |
_vReading book _934232 |
||
| 700 | 1 |
_aLang, Andrew, _d1844-1912, _etranslator. _940043 |
|
| 700 | 1 |
_aHighet, Gilbert, _d1850-1910, _eauthor of introduction, etc. |
|
| 740 | 0 | _aIliad. | |
| 740 | 0 | _aOdyssey. | |
| 942 |
_cBB _2ddc |
||
| 999 |
_c2954 _d2954 |
||